<?xml version="1.0" encoding="UTF-8"?>
<collection xmlns="http://www.loc.gov/MARC21/slim">
 <record>
  <leader>02346nam a2200409 a 4500</leader>
  <controlfield tag="001">30918</controlfield>
  <controlfield tag="003">BD-DhAAL</controlfield>
  <controlfield tag="005">20160224152922.0</controlfield>
  <controlfield tag="008">160224s2011    nyu           000 1 eng  </controlfield>
  <datafield tag="010" ind1=" " ind2=" ">
   <subfield code="a">  2010008927</subfield>
  </datafield>
  <datafield tag="020" ind1=" " ind2=" ">
   <subfield code="a">9780571279432</subfield>
  </datafield>
  <datafield tag="020" ind1=" " ind2=" ">
   <subfield code="a">9781400068098 (alk. paper)</subfield>
  </datafield>
  <datafield tag="040" ind1=" " ind2=" ">
   <subfield code="a">DLC</subfield>
   <subfield code="c">DLC</subfield>
   <subfield code="d">DLC</subfield>
   <subfield code="d">BD-DhAAL</subfield>
  </datafield>
  <datafield tag="050" ind1="0" ind2="0">
   <subfield code="a">PR9387.9.C67</subfield>
   <subfield code="b">O64 2011</subfield>
  </datafield>
  <datafield tag="082" ind1="0" ind2="0">
   <subfield code="a">823/.92</subfield>
   <subfield code="2">22</subfield>
  </datafield>
  <datafield tag="999" ind1=" " ind2=" ">
   <subfield code="c">36927</subfield>
   <subfield code="d">36927</subfield>
  </datafield>
  <datafield tag="999" ind1=" " ind2=" ">
   <subfield code="c">36927</subfield>
  </datafield>
  <datafield tag="999" ind1=" " ind2=" ">
   <subfield code="c">36927</subfield>
  </datafield>
  <datafield tag="999" ind1=" " ind2=" ">
   <subfield code="c">36927</subfield>
  </datafield>
  <datafield tag="100" ind1="1" ind2=" ">
   <subfield code="a">Cole, Teju.</subfield>
   <subfield code="9">18152</subfield>
  </datafield>
  <datafield tag="245" ind1="1" ind2="0">
   <subfield code="a">Open city :</subfield>
   <subfield code="b">a novel /</subfield>
   <subfield code="c">Teju Cole.</subfield>
  </datafield>
  <datafield tag="250" ind1=" " ind2=" ">
   <subfield code="a">1st ed.</subfield>
  </datafield>
  <datafield tag="264" ind1=" " ind2=" ">
   <subfield code="a">New York ;</subfield>
   <subfield code="a">London :</subfield>
   <subfield code="b">Random House ;</subfield>
   <subfield code="b">Faber and Faber,</subfield>
   <subfield code="c">c2011.</subfield>
  </datafield>
  <datafield tag="300" ind1=" " ind2=" ">
   <subfield code="a">259 p. ;</subfield>
   <subfield code="c">22 cm.</subfield>
  </datafield>
  <datafield tag="526" ind1=" " ind2=" ">
   <subfield code="a">ENH</subfield>
  </datafield>
  <datafield tag="541" ind1=" " ind2=" ">
   <subfield code="a">30918,30919,30920,30921,30922,30923,30924</subfield>
  </datafield>
  <datafield tag="650" ind1=" " ind2="0">
   <subfield code="a">Nigerians</subfield>
   <subfield code="z">New York (State)</subfield>
   <subfield code="z">New York</subfield>
   <subfield code="v">Fiction.</subfield>
   <subfield code="9">18153</subfield>
  </datafield>
  <datafield tag="650" ind1=" " ind2="0">
   <subfield code="a">Identity (Psychology)</subfield>
   <subfield code="v">Fiction.</subfield>
   <subfield code="9">18154</subfield>
  </datafield>
  <datafield tag="650" ind1=" " ind2="0">
   <subfield code="a">Race</subfield>
   <subfield code="v">Fiction.</subfield>
   <subfield code="9">18155</subfield>
  </datafield>
  <datafield tag="942" ind1=" " ind2=" ">
   <subfield code="2">ddc</subfield>
   <subfield code="c">BK</subfield>
  </datafield>
  <datafield tag="952" ind1=" " ind2=" ">
   <subfield code="0">0</subfield>
   <subfield code="1">0</subfield>
   <subfield code="2">ddc</subfield>
   <subfield code="4">0</subfield>
   <subfield code="6">823_920000000000000_COL</subfield>
   <subfield code="7">0</subfield>
   <subfield code="9">58150</subfield>
   <subfield code="a">BRACUL</subfield>
   <subfield code="b">BRACUL</subfield>
   <subfield code="c">GEN</subfield>
   <subfield code="d">2016-02-24</subfield>
   <subfield code="e">Karim International</subfield>
   <subfield code="g">820.00</subfield>
   <subfield code="l">8</subfield>
   <subfield code="m">52</subfield>
   <subfield code="o">823.92 COL</subfield>
   <subfield code="p">3010030918</subfield>
   <subfield code="r">2024-04-02</subfield>
   <subfield code="s">2024-03-20</subfield>
   <subfield code="t">1</subfield>
   <subfield code="w">2016-02-24</subfield>
   <subfield code="y">BK</subfield>
  </datafield>
  <datafield tag="952" ind1=" " ind2=" ">
   <subfield code="0">0</subfield>
   <subfield code="1">0</subfield>
   <subfield code="2">ddc</subfield>
   <subfield code="4">0</subfield>
   <subfield code="6">823_920000000000000_COL</subfield>
   <subfield code="7">0</subfield>
   <subfield code="9">58151</subfield>
   <subfield code="a">BRACUL</subfield>
   <subfield code="b">BRACUL</subfield>
   <subfield code="c">GEN</subfield>
   <subfield code="d">2016-02-24</subfield>
   <subfield code="e">Karim International</subfield>
   <subfield code="g">820.00</subfield>
   <subfield code="l">8</subfield>
   <subfield code="m">111</subfield>
   <subfield code="o">823.92 COL</subfield>
   <subfield code="p">3010030919</subfield>
   <subfield code="r">2025-08-27</subfield>
   <subfield code="s">2024-02-05</subfield>
   <subfield code="t">2</subfield>
   <subfield code="w">2016-02-24</subfield>
   <subfield code="y">BK</subfield>
  </datafield>
  <datafield tag="952" ind1=" " ind2=" ">
   <subfield code="0">0</subfield>
   <subfield code="1">0</subfield>
   <subfield code="2">ddc</subfield>
   <subfield code="4">0</subfield>
   <subfield code="6">823_920000000000000_COL</subfield>
   <subfield code="7">0</subfield>
   <subfield code="9">58152</subfield>
   <subfield code="a">BRACUL</subfield>
   <subfield code="b">BRACUL</subfield>
   <subfield code="c">GEN</subfield>
   <subfield code="d">2016-02-24</subfield>
   <subfield code="e">Karim International</subfield>
   <subfield code="g">820.00</subfield>
   <subfield code="l">7</subfield>
   <subfield code="m">70</subfield>
   <subfield code="o">823.92 COL</subfield>
   <subfield code="p">3010030920</subfield>
   <subfield code="r">2025-03-13</subfield>
   <subfield code="s">2024-06-30</subfield>
   <subfield code="t">3</subfield>
   <subfield code="w">2016-02-24</subfield>
   <subfield code="y">BK</subfield>
  </datafield>
  <datafield tag="952" ind1=" " ind2=" ">
   <subfield code="0">0</subfield>
   <subfield code="1">0</subfield>
   <subfield code="2">ddc</subfield>
   <subfield code="4">0</subfield>
   <subfield code="6">823_920000000000000_COL</subfield>
   <subfield code="7">0</subfield>
   <subfield code="9">58153</subfield>
   <subfield code="a">BRACUL</subfield>
   <subfield code="b">BRACUL</subfield>
   <subfield code="c">GEN</subfield>
   <subfield code="d">2016-02-24</subfield>
   <subfield code="e">Karim International</subfield>
   <subfield code="g">820.00</subfield>
   <subfield code="l">10</subfield>
   <subfield code="m">46</subfield>
   <subfield code="o">823.92 COL</subfield>
   <subfield code="p">3010030921</subfield>
   <subfield code="r">2025-02-09</subfield>
   <subfield code="s">2025-01-19</subfield>
   <subfield code="t">4</subfield>
   <subfield code="w">2016-02-24</subfield>
   <subfield code="y">BK</subfield>
  </datafield>
  <datafield tag="952" ind1=" " ind2=" ">
   <subfield code="0">0</subfield>
   <subfield code="1">0</subfield>
   <subfield code="2">ddc</subfield>
   <subfield code="4">0</subfield>
   <subfield code="6">823_920000000000000_COL</subfield>
   <subfield code="7">0</subfield>
   <subfield code="9">58154</subfield>
   <subfield code="a">BRACUL</subfield>
   <subfield code="b">BRACUL</subfield>
   <subfield code="c">GEN</subfield>
   <subfield code="d">2016-02-24</subfield>
   <subfield code="e">Karim International</subfield>
   <subfield code="g">820.00</subfield>
   <subfield code="l">9</subfield>
   <subfield code="m">13</subfield>
   <subfield code="o">823.92 COL</subfield>
   <subfield code="p">3010030922</subfield>
   <subfield code="r">2019-12-02</subfield>
   <subfield code="s">2019-11-25</subfield>
   <subfield code="t">5</subfield>
   <subfield code="w">2016-02-24</subfield>
   <subfield code="y">BK</subfield>
  </datafield>
  <datafield tag="952" ind1=" " ind2=" ">
   <subfield code="0">0</subfield>
   <subfield code="1">0</subfield>
   <subfield code="2">ddc</subfield>
   <subfield code="4">0</subfield>
   <subfield code="6">823_920000000000000_COL</subfield>
   <subfield code="7">0</subfield>
   <subfield code="9">58155</subfield>
   <subfield code="a">BRACUL</subfield>
   <subfield code="b">BRACUL</subfield>
   <subfield code="c">GEN</subfield>
   <subfield code="d">2016-02-24</subfield>
   <subfield code="e">Karim International</subfield>
   <subfield code="g">820.00</subfield>
   <subfield code="l">10</subfield>
   <subfield code="m">33</subfield>
   <subfield code="o">823.92 COL</subfield>
   <subfield code="p">3010030923</subfield>
   <subfield code="r">2025-06-23</subfield>
   <subfield code="s">2025-02-23</subfield>
   <subfield code="t">6</subfield>
   <subfield code="w">2016-02-24</subfield>
   <subfield code="y">BK</subfield>
  </datafield>
  <datafield tag="952" ind1=" " ind2=" ">
   <subfield code="0">0</subfield>
   <subfield code="1">0</subfield>
   <subfield code="2">ddc</subfield>
   <subfield code="4">0</subfield>
   <subfield code="6">823_000000000000000__92_COL</subfield>
   <subfield code="7">0</subfield>
   <subfield code="9">58230</subfield>
   <subfield code="a">BRACUL</subfield>
   <subfield code="b">BRACUL</subfield>
   <subfield code="c">GEN</subfield>
   <subfield code="d">2016-02-24</subfield>
   <subfield code="e">Karim International</subfield>
   <subfield code="g">820.00</subfield>
   <subfield code="l">5</subfield>
   <subfield code="m">83</subfield>
   <subfield code="o">823.92 COL</subfield>
   <subfield code="p">3010030924</subfield>
   <subfield code="r">2025-10-12</subfield>
   <subfield code="s">2025-03-13</subfield>
   <subfield code="t">7</subfield>
   <subfield code="w">2016-03-01</subfield>
   <subfield code="y">BK</subfield>
  </datafield>
 </record>
</collection>
